000 06003cam a22019214i 4500
003 PE-LiUPU
005 20250813165556.0
008 150623s2000 sp r 00i 0 d
020 _a8420009040
020 _a9788420009049
035 _a(Sirsi) i9788420009049
040 _aPE-LiUPU
_bspa
_cPE-LiUPU
_erda
049 _aPRUA
082 0 4 _a664.07
_bF57
_221
082 0 4 _a664.07
_bF57 2000
_221
100 1 _aFisher, Carolyn,
_eautor.
245 1 0 _aFlavores de los alimentos :
_bbiología y química /
_cCarolyn Fisher y Thomas R. Scott.
264 1 _aZaragoza, España :
_bAcribia,
_c1997.
300 _a212 páginas :
_bilustraciones ;
_c24 centímetros.
336 _atext
_2rdacontent
337 _aunmediated
_2rdamedia
338 _avolume
_2rdacarrier
500 _aContiene "Glosario" (A-V) p. 195-203.
504 _aIncluye bibliografía.
505 0 _aProblemas de la investigación del flavor: Definición de flavor -- Clasificación de los flavores de los alimentos -- Compuestos químicos responsables del flavor -- Dificultades de la investigación de la química del flavor -- Objetivos de la investigación química del flavor -- Compuestos del flavor: Clases de compuestos químicos y sus respuestas al flavor -- Desarrollo de flavor durante la biogénesis -- Desarrollo de flavor durante el procesado de los alimentos -- Empleo de la biotecnología para el desarrollo de flavores -- Conclusiones -- Los sentidos químicos: Anatomía de los sentidos químicos -- Desarrollo neurológico de los sentidos químicos -- Mecanismos receptores -- Codificación neural -- Control de la alimentación -- Análisis del flavor: Sujetivo frente a objetivo -- Psicofísica y evaluación sensorial -- Análisis instrumental -- Tratamiento de las muestras y artefactos -- Tratamiento de datos -- Enseñanza del concepto de flavor: Aprendizaje basado en problemas -- Lengua y nariz -- Cebolla. Bebidas -- Reacción de maillard -- Tíohediondo.
526 _aP203
526 _aP200
526 _aSEG65
526 _aSEG64
526 _aSEG63
526 _aSEG62
526 _aSEG61
526 _aSEG60
526 _aSEG59
526 _aSEG58
526 _aSEG57
526 _aSEG56
526 _aSEG55
526 _aSEG54
526 _aSEG53
526 _aSEG52
526 _aSEG51
526 _aSEG50
526 _aSEG49
526 _aSEG48
526 _aSEG47
526 _aSEG46
526 _aSEG24
526 _aSEG23
526 _aSEG22
526 _aSEG21
526 _aSEG20
526 _aSEG19
526 _aSEG18
526 _aSEG17
526 _aSEG16
526 _aSEG14
526 _aSEG13
526 _aSEG12
526 _aSEG11
526 _aSEG10
526 _aSEG09
526 _aSEG06
526 _aSEG05
526 _aSEG04
526 _aSEG03
526 _aSEG02
526 _aSEG68
526 _aSEG66
526 _aSEG45
526 _aSEG25
526 _aSEG01
526 _aP163
526 _aP162
526 _aP161
526 _aP160
526 _aP159
526 _aP158
526 _aP157
526 _aP156
526 _aP155
526 _aP154
526 _aP153
526 _aP152
526 _aP151
526 _aP150
526 _aP149
526 _aP142
526 _aP141
526 _aP140
526 _aP139
526 _aP138
526 _aP137
526 _aP132
526 _aP131
526 _aP130
526 _aP126
526 _aP125
526 _aP124
526 _aP123
526 _aP115
526 _aP122
526 _aP121
526 _aP116
526 _a P114
526 _aP112
526 _aP111
526 _aP104
526 _aP103
526 _aP102
526 _aP101
526 _aP100
526 _aP96
526 _aP95
526 _aP93
526 _aP92
526 _aP91
526 _aP88
526 _aP83
526 _aP82
526 _aP79
526 _aP78
526 _aP75
526 _aP74
526 _aP71
526 _aP69
526 _a P51
526 _aP49
526 _aP48
526 _aP47
526 _aP33
526 _aP31
526 _a P30
526 _aP29
526 _aP27
526 _aP26
526 _aP25
526 _aP24
526 _a P22
526 _aP10
526 _aP09
526 _a P08
526 _aP06
526 _aP05
526 _aP04
526 _aP01
541 _g015-009039;
541 _g028604;
650 0 4 _aAlimentos
_xAspectos bioquímicos.
650 0 4 _aFlavores (Alimentos).
700 1 _aScott, Thomas R.,
_eautor.
910 _atqv
_crmch
_d20170720
942 _2ddc
_cBOOK
949 _a664.07 F57
_wDEWEY
_c1
_i57839
_d2016-5-5
_e2016-5-5
_lCCODEBUL1
_mBUL
_n1
_p40.00
_r0
_sY
_tBOOK
_u2015-6-24
_xINGENIERIA
_PP24
_0COMPRA
_o.STAFF. Colección General
949 _a664.07 F57
_wDEWEY
_c2
_i51305
_lCCODEBUL1
_mBUL
_p28.00
_r0
_sY
_tBOOK
_u2015-6-24
_xINGENIERIA
_zUNKNOWN
_0COMPRA
_o.STAFF. Colección General
949 _a664.07 F57 2000
_wDEWEY
_c1
_iFJ08117
_lCCODEBUJ1
_mBUJ
_p28.00
_r0
_sY
_tBOOK
_u2017-7-20
_xINGENIERIA
_PP26
_0COMPRA
_o.STAFF. Colección General Juliaca
994 _aC0
_bPEPRU
596 _a1 3
999 _a664.07 F57
_wDEWEY
_c33019
_i57839
_d33019
_e2018-11-22
_f2021-11-5
_g7
_lCCODEBUL1
_mBUL
_n5
_p40.00
_r0
_sY
_tBOOK
_u2015-6-24
_xBIBLIOTECA
_PP24
_0COMPRA
_o.STAFF. Colección General
999 _a664.07 F57
_wDEWEY
_c2
_i51305
_d2018-4-27
_f2021-11-9
_g6
_lCCODEBUL1
_mBUL
_p28.00
_q1
_r0
_sY
_tBOOK
_u2015-6-24
_xINGENIERIA
_zUNKNOWN
_0COMPRA
_o.STAFF. Colección General
999 _a664.07 F57 2000
_wDEWEY
_c1
_iFJ08117
_d2019-9-11
_f2022-2-1
_g4
_lCCODEBUJ1
_mBUJ
_p28.00
_q1
_r0
_sY
_tBOOK
_u2017-7-20
_xINGENIERIA
_PP26
_0COMPRA
_o.STAFF. Colección General Juliaca
980 _81
_gALBERTO SANCHEZ Responsable de Automatización